000 01146nam a2200265 a 4500
001 000039880
003 DO-SdBPM
005 20250606130724.0
007 000039880
008 130726s2013 dr 000 0 spa d
020 _a9789945489750
040 _aDO-SdBPM
_bspa
_cBPMSU
082 4 _aRD863.44
_bG934m 2013
_222
100 1 _aGuerrero, Laureano
_94
245 1 0 _aMozura :
_bnovela /
_cLaureano Guerrero.
260 _aSanto Domingo :
_bEditorial Santuario,
_c2013.
300 _a235 p. ;
_c24 cm.
500 _aIncluye datos biográficos del autor en la solapa de la cubierta
505 0 _aPrólogo 13 -- El barrio 15 -- La cárcel 25 -- La mudanza 31 -- Los amigos 41 -- Un caminito 49 -- El barbero 55 -- Milito 59 -- La guerra 89 -- Fin de la guerra 97 -- El apresamiento 123 -- Amigos de infancia 131 -- Regreso de el cabo 141 -- Hacia la capital 149 -- Alfonso Almeyda 187 -- Reconciliación 213 -- Ley de vida 217 -- La sorpresa 225 -- La disyuntiva 231
590 _aInventariado, 2025/VM
650 4 _a Novela dominicana
650 4 _a Literatura dominicana
910 _aVMateo V. Control de calidad. BPMSU
942 _2ddc
_cBK
999 _c8153
_d8153